000
00296nam a22001337a 4500
008
171005b xxu||||| |||| 00| 0 eng d
020
_a
083857999-X
041
_a
eng
080
_a
519.9
100
_a
49
101
_a
PSI
245
_a
PSYCHIATRIC EMERGENCIES
_c
URBAITIS,J,CH
942
_2
udc
_c
BK
999
_c
31976
_d
31976